00683nam a2200229Ia 4500003000900000008004100009040001300050040001300063041000800076100004900084245001700133250000900150260002000159260000900179300001200188300001000200490000600210600001800216942000700234999001700241952019500258IT-RoPAU120407s9999 xx 000 0 und d aIT-RoPAU cIT-RoPAU aita aNikolaj Lenin (Vladimir Il’ic Ul’janov)  aOpere scelte aRoma aEditori Riuniti c1965 a1840 p. c22 cm v1 a1. Comunismo. cBK c27622d27622 00102ddc406335_17000000000000071aPAULUSbPAULUSd2012-04-11l0o335.17r2012-04-11 00:00:00w2012-04-11yBKzInserito da: Jole In data: 30 luglio 2011 fondo: Via A.Severo 56 Progr:27878